Autenticidad : ¿por qué unos líderes facilitan la cultura de la innovación y otros la limitan? /

Guardat en:
Dades bibliogràfiques
Autor principal: Chuán, Fran (autor)
Altres autors: Rao, Jay (colaboración y presentación) (colaboración y presentación)
Format: Llibre
Idioma:espanyol
Publicat: Barcelona, España : Profit, 2018, c2018
Col·lecció:(Habilidades Directivas)
Matèries:
Etiquetes: Afegir etiqueta
Sense etiquetes, Sigues el primer a etiquetar aquest registre!

MARC

LEADER 00000nam^a2200000^a^4500
001 000415119
005 20250521000000.0
009 20260526144111.724
020 |a 978-84-17209-28-5 
037 |a Acervo ITESO - Biblioteca 
041 |a ESP 
082 |a 658. 4063  |b CHU 
100 |a Chuán, Fran  |e (autor) 
245 1 0 |a Autenticidad :  |b ¿por qué unos líderes facilitan la cultura de la innovación y otros la limitan? /  |c F. Chuán ; colaboración y presentación de J.Rao ; pról. de Alberto Conde, Jordi Gómez. 
264 4 |a Barcelona, España :  |b Profit,  |c 2018, c2018 
300 |a 197 p. 
336 |a texto  |b txt  |2 rdacontenido 
337 |a sin mediación  |b n  |2 rdamedio 
338 |a volumen  |b nc  |2 rdasoporte 
440 1 |a (Habilidades Directivas) 
521 |a FIL 2019 EEnlace Centro Universidad Empresa 
649 |a XX 
650 |a Empresas -  |x Administración 
650 |a Innovación Administrativa -  |x Tema Principal 
650 |a Cambio y Desarrollo Organizacional 
650 |a Liderazgo 
650 |a Habilidades Directivas 
650 |a Proceso Administrativo -  |x Dirección 
650 |a Administración 
650 |a Ciencias Administrativas 
700 |a Rao, Jay  |e (colaboración y presentación) 
910 |a Fondo General 
920 |a Impresos - Libros 
930 |a Colección General 
905 |a 101 
901 |a 0500324299  |b IT1  |c ACC  |i C168003  |u 20250521 
902 |a https://opac.biblio.iteso.mx/vufind/Record/000415119